Normal view
MARC view
Entry Nombre de reunión
001 - NÚMERO DE CONTROL
- campo de control: 88461
003 - IDENTIFICADOR DEL NÚMERO DE CONTROL
- campo de control: DO-SdBNP
005 - FECHA Y HORA DE LA ÚLTIMA TRANSACCIÓN
- campo de control: 20250801141420.0
008 - DATOS DE LONGITUD FIJA
- campo de control de longitud fija: 250801|| aca||aabn | a|a d
040 ## - FUENTE DE LA CATALOGACIÓN
- Centro catalogador/agencia de origen: DO-SdBNP
- Centro/agencia transcriptor: DO-SdBNP
111 ## - ENCABEZAMIENTO--NOMBRE DE CONGRESO/REUNIÓN
- Nombre de congreso/reunión o jurisdicción como elemento de entrada: Encuesta Nacional de Inmigrantes-ENI
- Número del congreso/reunión o número de parte o sección: (2º :
- Fecha del congreso/reunión: 2017 :
- Sede del congreso/Lugar de la reunión: Santo Domingo, República Dominicana)
670 ## - FUENTE DE DATOS ENCONTRADOS
- Cita de la fuente: Work cat.: (DO-SdBNP)59714: Encuesta Nacional de Inmigrantes-ENI (2º : 2017 : Santo Domingo, República Dominicana), Aporte al valor agregado de la población de origen extranjero en la República Dominicana /
